000 00447pab a2200169 454500
008 180718b2005 xxu||||| |||| 00| 0 eng d
100 _aBerry, Mike
245 _aInstitutional investment in rental housing in Australia: a policy framework and two models
260 _c2005
300 _ap.91-111.
362 _aJan
650 _aHousing - Australia
650 _aHousing
700 _aHall, Jon
773 _aUrban studies
909 _a65001
999 _c65001
_d65001